| 000 | 00583nam a2200193Ia 4500 | ||
|---|---|---|---|
| 005 | 20250725153408.0 | ||
| 008 | 008 250516s9999 xx 000 0 hin d | ||
| 020 | _a9789392380242 | ||
| 040 |
_beng _cSDCL |
||
| 041 |
_ahin _2hin |
||
| 084 | _aO152,3N66x R2 | ||
| 100 |
_aSingh, Suryanath _9420460 |
||
| 245 | 0 |
_aKatha Prasathan : _b21vi Sadi ki Kahaniyan |
|
| 246 | _aकथा प्रस्थान इक्कीसवी सदी कहानीएँ | ||
| 260 |
_aDelhi: _bAnanya Prakashan, _c2022. |
||
| 300 | _a488p. | ||
| 650 | _aHindi | ||
| 942 |
_cTEXL _2CC |
||
| 999 |
_c1429217 _d1429217 |
||